| 000 | 00476nam a22001457a 4500 | ||
|---|---|---|---|
| 008 | 160709b xxu||||| |||| 00| 0 eng d | ||
| 020 | _a9780871975065 | ||
| 050 | _aPN 1008.5 .C373 1993 | ||
| 245 | _aStundents handbook | ||
| 260 |
_aUSA; _bSouthWestern company, _c1993. |
||
| 300 |
_axvi, 682 p. : ill. _bIncludes bibliographical references and index. |
||
| 440 | _vVol 2 | ||
| 650 | _aChildren's literature. | ||
| 942 |
_2lcc _cBOOKS _hPN 1008.5 .C373 1993 |
||
| 999 |
_c11471 _d11471 |
||